<?xml version="1.0" encoding="UTF-8"?>
<record
    xmlns:xsi="http://www.w3.org/2001/XMLSchema-instance"
    xsi:schemaLocation="http://www.loc.gov/MARC21/slim http://www.loc.gov/standards/marcxml/schema/MARC21slim.xsd"
    xmlns="http://www.loc.gov/MARC21/slim">

  <leader>00864nam a22002057a 4500</leader>
  <controlfield tag="003">SISC</controlfield>
  <controlfield tag="005">20170615164546.0</controlfield>
  <controlfield tag="008">150511b        xxu||||| |||| 00| 0 eng d</controlfield>
  <datafield tag="020" ind1=" " ind2=" ">
    <subfield code="a">9781619974470</subfield>
  </datafield>
  <datafield tag="050" ind1=" " ind2=" ">
    <subfield code="a">PE 1408 .ELA8 C734 .TM 2013</subfield>
  </datafield>
  <datafield tag="245" ind1=" " ind2=" ">
    <subfield code="a">Common core coach, english language arts 8 : teacher's manual</subfield>
  </datafield>
  <datafield tag="250" ind1=" " ind2=" ">
    <subfield code="a">1st edition </subfield>
  </datafield>
  <datafield tag="260" ind1=" " ind2=" ">
    <subfield code="a">New York :</subfield>
    <subfield code="b">Triumph Learning,</subfield>
    <subfield code="c">c2013</subfield>
  </datafield>
  <datafield tag="300" ind1=" " ind2=" ">
    <subfield code="a">iii,189 pages :</subfield>
    <subfield code="b">colored illustrations ;</subfield>
    <subfield code="c">27cm. </subfield>
  </datafield>
  <datafield tag="440" ind1=" " ind2=" ">
    <subfield code="a">Common core coach</subfield>
  </datafield>
  <datafield tag="650" ind1=" " ind2=" ">
    <subfield code="2">Library of Congress Subject Headings</subfield>
    <subfield code="a">English language</subfield>
    <subfield code="x">Problems, exercises, etc.</subfield>
  </datafield>
  <datafield tag="650" ind1=" " ind2=" ">
    <subfield code="2">Library of Congress Subject Headings</subfield>
    <subfield code="a">English language</subfield>
    <subfield code="x">Study and teaching (Elementary)</subfield>
  </datafield>
  <datafield tag="942" ind1=" " ind2=" ">
    <subfield code="2">lcc</subfield>
    <subfield code="c">BK</subfield>
    <subfield code="h">PE 1408 .ELA8 C734 .TM 2013</subfield>
  </datafield>
  <datafield tag="999" ind1=" " ind2=" ">
    <subfield code="c">283944</subfield>
    <subfield code="d">283944</subfield>
  </datafield>
  <datafield tag="952" ind1=" " ind2=" ">
    <subfield code="0">0</subfield>
    <subfield code="1">0</subfield>
    <subfield code="2">lcc</subfield>
    <subfield code="4">0</subfield>
    <subfield code="a">LUX</subfield>
    <subfield code="b">LUX</subfield>
    <subfield code="c">TR</subfield>
    <subfield code="d">2015-05-11</subfield>
    <subfield code="e">DONATION</subfield>
    <subfield code="l">3</subfield>
    <subfield code="m">15</subfield>
    <subfield code="o">PE 1408.ELA8 C734.TM 2013</subfield>
    <subfield code="p">19929 </subfield>
    <subfield code="r">2017-03-29 00:00:00</subfield>
    <subfield code="s">2016-12-05</subfield>
    <subfield code="t">1</subfield>
    <subfield code="w">2015-05-11</subfield>
    <subfield code="y">BK</subfield>
  </datafield>
  <datafield tag="952" ind1=" " ind2=" ">
    <subfield code="0">0</subfield>
    <subfield code="1">0</subfield>
    <subfield code="2">lcc</subfield>
    <subfield code="4">0</subfield>
    <subfield code="a">LUX</subfield>
    <subfield code="b">LUX</subfield>
    <subfield code="c">TR</subfield>
    <subfield code="d">2015-05-11</subfield>
    <subfield code="e">DONATION</subfield>
    <subfield code="l">2</subfield>
    <subfield code="o">PE 1408.ELA8 C734.TM 2013</subfield>
    <subfield code="p">19930</subfield>
    <subfield code="r">2016-03-28 00:00:00</subfield>
    <subfield code="s">2016-02-03</subfield>
    <subfield code="t">2</subfield>
    <subfield code="w">2015-05-11</subfield>
    <subfield code="y">BK</subfield>
  </datafield>
  <datafield tag="952" ind1=" " ind2=" ">
    <subfield code="0">0</subfield>
    <subfield code="1">0</subfield>
    <subfield code="2">lcc</subfield>
    <subfield code="4">0</subfield>
    <subfield code="a">LUX</subfield>
    <subfield code="b">LUX</subfield>
    <subfield code="c">TR</subfield>
    <subfield code="d">2015-05-11</subfield>
    <subfield code="e">DONATION</subfield>
    <subfield code="l">0</subfield>
    <subfield code="o">PE 1408.ELA8 C734.TM 2013</subfield>
    <subfield code="p">19931</subfield>
    <subfield code="r">2015-05-11 00:00:00</subfield>
    <subfield code="t">3</subfield>
    <subfield code="w">2015-05-11</subfield>
    <subfield code="y">BK</subfield>
  </datafield>
  <datafield tag="952" ind1=" " ind2=" ">
    <subfield code="0">0</subfield>
    <subfield code="1">0</subfield>
    <subfield code="2">lcc</subfield>
    <subfield code="4">0</subfield>
    <subfield code="a">LUX</subfield>
    <subfield code="b">LUX</subfield>
    <subfield code="c">TR</subfield>
    <subfield code="d">2015-05-11</subfield>
    <subfield code="e">DONATION</subfield>
    <subfield code="l">0</subfield>
    <subfield code="o">PE 1408.ELA8 C734.TM 2013</subfield>
    <subfield code="p">19932</subfield>
    <subfield code="r">2015-05-11 00:00:00</subfield>
    <subfield code="t">4</subfield>
    <subfield code="w">2015-05-11</subfield>
    <subfield code="y">BK</subfield>
  </datafield>
  <datafield tag="952" ind1=" " ind2=" ">
    <subfield code="0">0</subfield>
    <subfield code="1">0</subfield>
    <subfield code="2">lcc</subfield>
    <subfield code="4">0</subfield>
    <subfield code="a">LUX</subfield>
    <subfield code="b">LUX</subfield>
    <subfield code="c">TR</subfield>
    <subfield code="d">2015-05-11</subfield>
    <subfield code="e">DONATION</subfield>
    <subfield code="l">3</subfield>
    <subfield code="m">5</subfield>
    <subfield code="o">PE 1408.ELA8 C734.TM 2013</subfield>
    <subfield code="p">19933</subfield>
    <subfield code="r">2016-04-05 00:00:00</subfield>
    <subfield code="s">2015-12-15</subfield>
    <subfield code="t">5</subfield>
    <subfield code="w">2015-05-11</subfield>
    <subfield code="y">BK</subfield>
  </datafield>
  <datafield tag="952" ind1=" " ind2=" ">
    <subfield code="0">0</subfield>
    <subfield code="1">0</subfield>
    <subfield code="2">lcc</subfield>
    <subfield code="4">0</subfield>
    <subfield code="a">LUX</subfield>
    <subfield code="b">LUX</subfield>
    <subfield code="c">TR</subfield>
    <subfield code="d">2016-05-26</subfield>
    <subfield code="e">Library Fund</subfield>
    <subfield code="l">0</subfield>
    <subfield code="o">PE 1408 .ELA8 C734 .TM 2013</subfield>
    <subfield code="p">20182</subfield>
    <subfield code="r">2016-05-26 00:00:00</subfield>
    <subfield code="t">6</subfield>
    <subfield code="w">2016-05-26</subfield>
    <subfield code="y">BK</subfield>
  </datafield>
  <datafield tag="952" ind1=" " ind2=" ">
    <subfield code="0">0</subfield>
    <subfield code="1">0</subfield>
    <subfield code="2">lcc</subfield>
    <subfield code="4">0</subfield>
    <subfield code="a">LUX</subfield>
    <subfield code="b">LUX</subfield>
    <subfield code="c">TR</subfield>
    <subfield code="d">2016-05-26</subfield>
    <subfield code="e">Library Fund</subfield>
    <subfield code="l">0</subfield>
    <subfield code="o">PE 1408 .ELA8 C734 .TM 2013</subfield>
    <subfield code="p">20183</subfield>
    <subfield code="r">2016-05-26 00:00:00</subfield>
    <subfield code="t">7</subfield>
    <subfield code="w">2016-05-26</subfield>
    <subfield code="y">BK</subfield>
  </datafield>
  <datafield tag="952" ind1=" " ind2=" ">
    <subfield code="0">0</subfield>
    <subfield code="1">0</subfield>
    <subfield code="2">lcc</subfield>
    <subfield code="4">0</subfield>
    <subfield code="a">LUX</subfield>
    <subfield code="b">LUX</subfield>
    <subfield code="c">TR</subfield>
    <subfield code="d">2016-06-08</subfield>
    <subfield code="e">Library Fund</subfield>
    <subfield code="l">0</subfield>
    <subfield code="o">PE 1408 .ELA8 C734 .TM 2013</subfield>
    <subfield code="p">20205</subfield>
    <subfield code="r">2016-06-08 00:00:00</subfield>
    <subfield code="t">8</subfield>
    <subfield code="w">2016-06-08</subfield>
    <subfield code="y">BK</subfield>
  </datafield>
  <datafield tag="952" ind1=" " ind2=" ">
    <subfield code="0">0</subfield>
    <subfield code="1">0</subfield>
    <subfield code="2">lcc</subfield>
    <subfield code="4">0</subfield>
    <subfield code="a">LUX</subfield>
    <subfield code="b">LUX</subfield>
    <subfield code="c">TR</subfield>
    <subfield code="d">2016-09-23</subfield>
    <subfield code="e">DONATION</subfield>
    <subfield code="l">0</subfield>
    <subfield code="o">PE 1408 .ELA8 C734 .TM 2013</subfield>
    <subfield code="p">20329</subfield>
    <subfield code="r">2016-09-23 00:00:00</subfield>
    <subfield code="t">9</subfield>
    <subfield code="w">2016-09-23</subfield>
    <subfield code="y">BK</subfield>
  </datafield>
  <datafield tag="952" ind1=" " ind2=" ">
    <subfield code="0">0</subfield>
    <subfield code="1">0</subfield>
    <subfield code="2">lcc</subfield>
    <subfield code="4">0</subfield>
    <subfield code="a">LUX</subfield>
    <subfield code="b">LUX</subfield>
    <subfield code="c">TR</subfield>
    <subfield code="d">2016-09-23</subfield>
    <subfield code="e">DONATION</subfield>
    <subfield code="l">0</subfield>
    <subfield code="o">PE 1408 .ELA8 C734 .TM 2013</subfield>
    <subfield code="p">20330</subfield>
    <subfield code="r">2016-09-23 00:00:00</subfield>
    <subfield code="t">10</subfield>
    <subfield code="w">2016-09-23</subfield>
    <subfield code="y">BK</subfield>
  </datafield>
  <datafield tag="952" ind1=" " ind2=" ">
    <subfield code="0">0</subfield>
    <subfield code="1">0</subfield>
    <subfield code="2">lcc</subfield>
    <subfield code="4">0</subfield>
    <subfield code="a">LUX</subfield>
    <subfield code="b">LUX</subfield>
    <subfield code="c">TR</subfield>
    <subfield code="d">2016-09-23</subfield>
    <subfield code="e">DONATION</subfield>
    <subfield code="l">0</subfield>
    <subfield code="o">PE 1408 .ELA8 C734 .TM 2013</subfield>
    <subfield code="p">20331</subfield>
    <subfield code="r">2016-09-23 00:00:00</subfield>
    <subfield code="t">11</subfield>
    <subfield code="w">2016-09-23</subfield>
    <subfield code="y">BK</subfield>
  </datafield>
  <datafield tag="952" ind1=" " ind2=" ">
    <subfield code="0">0</subfield>
    <subfield code="1">0</subfield>
    <subfield code="2">lcc</subfield>
    <subfield code="4">0</subfield>
    <subfield code="a">LUX</subfield>
    <subfield code="b">LUX</subfield>
    <subfield code="c">TR</subfield>
    <subfield code="d">2016-09-23</subfield>
    <subfield code="e">DONATION</subfield>
    <subfield code="l">0</subfield>
    <subfield code="o">PE 1408 .ELA8 C734 .TM 2013</subfield>
    <subfield code="p">20332</subfield>
    <subfield code="r">2016-09-23 00:00:00</subfield>
    <subfield code="t">12</subfield>
    <subfield code="w">2016-09-23</subfield>
    <subfield code="y">BK</subfield>
  </datafield>
  <datafield tag="952" ind1=" " ind2=" ">
    <subfield code="0">0</subfield>
    <subfield code="1">0</subfield>
    <subfield code="2">lcc</subfield>
    <subfield code="4">0</subfield>
    <subfield code="a">LUX</subfield>
    <subfield code="b">LUX</subfield>
    <subfield code="c">TR</subfield>
    <subfield code="d">2017-06-15</subfield>
    <subfield code="e">DONATION</subfield>
    <subfield code="k">TR</subfield>
    <subfield code="l">0</subfield>
    <subfield code="o">PE 1408 .ELA8 C734 .TM 2013</subfield>
    <subfield code="p">20441</subfield>
    <subfield code="r">2017-07-03 00:00:00</subfield>
    <subfield code="t">13</subfield>
    <subfield code="w">2017-06-15</subfield>
    <subfield code="y">BK</subfield>
  </datafield>
  <datafield tag="952" ind1=" " ind2=" ">
    <subfield code="0">0</subfield>
    <subfield code="1">0</subfield>
    <subfield code="2">lcc</subfield>
    <subfield code="4">0</subfield>
    <subfield code="a">LUX</subfield>
    <subfield code="b">LUX</subfield>
    <subfield code="c">TR</subfield>
    <subfield code="d">2017-06-15</subfield>
    <subfield code="e">DONATION</subfield>
    <subfield code="k">TR</subfield>
    <subfield code="l">0</subfield>
    <subfield code="o">PE 1408 .ELA8 C734 .TM 2013</subfield>
    <subfield code="p">20442</subfield>
    <subfield code="r">2017-06-15 00:00:00</subfield>
    <subfield code="t">14</subfield>
    <subfield code="w">2017-06-15</subfield>
    <subfield code="y">BK</subfield>
  </datafield>
</record>
